Statistics for Top 10 States with the Best Economic Outlook

Click here to take the quiz!

General Stats

  • This quiz has been taken 26 times
  • The average score is 7 of 10

Answer Stats

HintAnswer% Correct
1Utah
95%
7Florida
86%
10Arizona
82%
3Idaho
82%
6Nevada
73%
5North Carolina
73%
9Oklahoma
64%
4Indiana
59%
8Tennessee
59%
2Wyoming
59%

Score Distribution

Percentile by Number Answered

Percent of People with Each Score

Your Score History

You have not taken this quiz